000 01093nam a22002537a 4500
005 20170717120824.0
010 _a1516EN07 ENG-114512
020 _c799.00
_a9789332544864
035 _aEN-98044
035 _aB-615021-046
035 _aB-668060
037 _aDPL
_bTechniz Books/Ven
037 _bDBAD/PUB
082 _a000
100 _aGagrani, Harsh
245 _aThe Pearson guide to the CLAT (Common Law Admission Test) /
_cby Harsh Gagrani
250 _a2nd ed
260 _aNoida
_bPearson Education
_c2015
270 _aA-8(a), 7th Floor, Knowledgo Boulevard, Sector 62
_bNoida
_e201309
300 _avarious pagings
_c27cm(pbk)
942 _2ddc
_cEN
_mGAG
_h000
999 _c95568
_d95568